[Event "Hradec Kralove Region-chT 0506"]
[Site "Czech Republic"]
[Date "2006.02.19"]
[Round "8.8"]
[White "Doubrava, Pavel"]
[Black "Marek, Petr"]
[Result "1-0"]
[WhiteElo "1629"]
[BlackElo "1807"]
[PlyCount "69"]
[EventDate "2005.10.23"]
[EventType "team-tourn"]
[EventRounds "11"]
[EventCountry "CZE"]
[SourceTitle "EXT 2024"]
[Source "ChessBase"]
[SourceDate "2023.10.10"]
[SourceVersion "1"]
[SourceVersionDate "2023.10.10"]
[SourceQuality "1"]
[WhiteTeam "Lipa II"]
[BlackTeam "Hradec Kralove Slavia III"]
[WhiteTeamCountry "CZE"]
[BlackTeamCountry "CZE"]

1. d4 d5 2. Nf3 Nf6 3. Bg5 e6 4. e3 Bb4+ 5. c3 Be7 6. Bd3 0-0 7. Nbd2 c5 8. dxc5 Bxc5 9. 0-0 Nbd7 10. Nb3 Bd6 11. Qc2 h6 12. Bxf6 Nxf6 13. c4 Bd7 14. cxd5 Nxd5 15. Rfd1 Rc8 16. Qe2 Ba4 17. Nfd4 a6 18. Qf3 Qe7 19. Rdc1 Be5 20. Qe4 Bxh2+ 21. Kxh2 g6 22. Nf3 Nb4 23. Be2 Bc6 24. Qf4 g5 25. Qe5 Nd5 26. Nfd4 Rfd8 27. Nxc6 bxc6 28. Bxa6 f6 29. Qe4 f5 30. Qe5 Rb8 31. Rxc6 Re8 32. Bc4 g4 33. Bxd5 Qh4+ 34. Kg1 exd5 35. Rg6+ 1-0